000 00440nam a2200169Ia 4500
008 240428s9999||||xx |||||||||||||| ||und||
020 _a0826450660
041 _aeng
082 _a321.8 V
100 _aVernon, Richard
245 0 _aPolitical morality : a theory of liberal democracy
260 _bContinuum
_aLondon
_c2001
300 _avi, 202 p.
650 _aDemocracy. - Liberalism. - Political ethics
942 _cBK
999 _c235
_d235